Estructura de la interpretación de la Ley Penal Chilena.

में बचाया:
ग्रंथसूची विवरण
मुख्य लेखक: Palacios Moreno, Fernando (autor)
स्वरूप: पुस्तक
भाषा:स्पेनिश
प्रकाशित: Santiago, Chile: Librotecnia, 2010.
संस्करण:Primera edición.
विषय:
टैग: टैग जोड़ें
कोई टैग नहीं, इस रिकॉर्ड को टैग करने वाले पहले व्यक्ति बनें!

MARC

LEADER 00000nam a2200000 a 4500
001 UCG3823
003 CL-VaPUC
005 20230119120445.0
008 100916e20100700CL |||||||||||||||||spa|d
999 |c 342795  |d 342793 
020 |a 978-956-327-025-9 
040 |c Pontificia Universidad Católica de Valparaíso 
082 0 4 |a 345.83 PAL 2010  |2 21 
100 |a Palacios Moreno, Fernando  |e autor  |9 803517 
245 1 0 |a Estructura de la interpretación de la Ley Penal Chilena.  
250 |a Primera edición.  
260 |a Santiago, Chile:  |b Librotecnia,   |c 2010.  
300 |a 102 páginas.  
500 |a c.2 Donación Familia Prof. Alejandro Guzmán Brito. 
583 |a last modification  |c 20100916 00:00:00  |k Rodrigo Vera 
650 0 |a Derecho penal  |2 CL-VaPUC  |9 11 
942 |c BK  |2 ddc  |n 0 
945 |d 20100916 00:00:00  |a mfarfan 
952 |0 0  |1 0  |4 0  |6 345_830000000000000_PAL_2010  |7 0  |8 A  |9 439330  |a BIBDER  |b BIBDER  |d 2019-11-22  |i 4720334  |l 3  |o 345.83 PAL 2010  |p 4720334  |r 2024-01-09  |s 2024-01-09  |w 2019-11-22  |y BK  |k DER 
952 |0 0  |1 0  |2 ddc  |4 0  |6 345_830000000000000_PAL_2010  |7 1  |8 C_AGB  |9 581055  |a BIBDER  |b BIBDER  |d 2022-02-02  |e Donación   |i 5644011  |o 345.83 PAL 2010  |p 5644011  |r 2023-01-25  |t 2  |w 2022-02-02  |y BK_US  |k AGB